les animaux a-z - Statistiques

Statistiques générales
  • Ce quiz a été pris 100 fois
  • Le résultat moyen est 23 sur 26
Statistiques - réponses
Par images Hint Réponse % Correct
A Âne
100%
C Cochon
100%
E Éléphant
100%
G Girafe
100%
H Hibou
100%
K Koala
100%
L Lapin
100%
M Mouton
100%
B Baleine
99%
J Jaguar
99%
O Ours
99%
P Poule
99%
R Renard
99%
S Singe
99%
T Tortue
99%
V Vache
99%
Z Zèbre
98%
I Iguane
95%
D Dindon
94%
F Flamant
94%
N Narval
87%
Y Yack
84%
W Wapiti
68%
Q Quetzal
40%
U Urubu
34%
X Xerus
24%
Aucun quiz correspondant
Distribution des résultats
% des personnes avec chaque résultat
Percentile par nombre de réponses
Votre historique - résultats
Vous n’avez pas pris ce quiz